| 000 | 00652nam a2200193 i 4500 | ||
|---|---|---|---|
| 001 | 59724 | ||
| 003 | ES-MaACL | ||
| 005 | 20230906164104.0 | ||
| 007 | t| | ||
| 008 | 031030s1968 sp ||||1| spa d | ||
| 245 | 0 | 0 |
_aEnfermeras de las instituciones sanitarias de la Seguridad Social / _cCastaño López-Mesas ... [et al.]. |
| 260 |
_aMadrid : _bContestaciones Pons, _c1968. |
||
| 300 |
_a2 v. ; _c31 cm. |
||
| 500 | _aSon los tomos I, II. | ||
| 533 | _aMulticop. | ||
| 610 | 2 | 4 |
_aInstituto Nacional de la Salud (España)- _vContestaciones para oposiciones. _9169564 |
| 700 | 1 |
_aCastaño López-Mesas. _936439 |
|
| 852 |
_aES-MaACL _jP-1364 _bR.67961 |
||
| 999 |
_c59724 _d59724 |
||